[Event "CUB-ch Seniors 1st"]
[Site "Granma"]
[Date "2018.11.05"]
[Round "9"]
[White "Rivero Cardozo, Alejandro"]
[Black "Chaviano Espina, Miguel Orlando"]
[Result "0-1"]
[WhiteElo "1905"]
[BlackElo "2199"]
[PlyCount "72"]
[EventDate "2018.10.30"]
[EventType "swiss"]
[EventRounds "9"]
[EventCountry "CUB"]
[SourceTitle "EXT 2021"]
[Source "ChessBase"]
[SourceDate "2020.10.23"]
[SourceVersion "1"]
[SourceVersionDate "2020.10.23"]
[SourceQuality "1"]

1. f4 c5 2. e4 g6 3. Nc3 Bg7 4. Nf3 Nc6 5. Bc4 e6 6. e5 d5 7. Be2 Nge7 8. Nb5 0-0 9. 0-0 Bd7 10. d4 a6 11. Nd6 cxd4 12. a3 Qb6 13. Bd3 f6 14. Qe1 fxe5 15. fxe5 Rxf3 16. gxf3 Nxe5 17. Bd2 a5 18. Bxa5 Rxa5 19. Nxb7 Ra7 20. Qh4 Kf7 21. Qf4+ Bf6 22. Na5 Rxa5 23. Qh6 Kg8 24. b4 Ra8 25. Kh1 Nxd3 26. cxd3 Nf5 27. Qd2 Ne3 28. Rfc1 e5 29. b5 e4 30. a4 exf3 31. Qf2 Bg5 32. a5 Qxb5 33. Qg3 Bh6 34. Rab1 Qxd3 35. Rb8+ Rxb8 36. Qxb8+ Bf8 0-1

[Event "CUB-ch Seniors 1st"]
[Site "Granma"]
[Date "2018.11.04"]
[Round "8"]
[White "Rivero Cardozo, Alejandro"]
[Black "Garcia Martinez, Omar"]
[Result "0-1"]
[WhiteElo "1905"]
[BlackElo "2277"]
[PlyCount "59"]
[EventDate "2018.10.30"]
[EventType "swiss"]
[EventRounds "9"]
[EventCountry "CUB"]
[SourceTitle "EXT 2021"]
[Source "ChessBase"]
[SourceDate "2020.10.23"]
[SourceVersion "1"]
[SourceVersionDate "2020.10.23"]
[SourceQuality "1"]

1. e4 c5 2. b4 cxb4 3. Bb2 d6 4. d4 Nf6 5. Bd3 g6 6. a3 bxa3 7. Nxa3 Bg7 8. Nf3 0-0 9. h3 Nc6 10. c3 e5 11. 0-0 d5 12. dxe5 Nxe4 13. c4 Nc5 14. Bb1 Be6 15. cxd5 Bxd5 16. Re1 Re8 17. Ng5 Nxe5 18. f4 Nf3+ 19. gxf3 Rxe1+ 20. Qxe1 Bxb2 21. Ra2 Bd4+ 22. Kh2 Ne6 23. Nxe6 Bxe6 24. Rg2 Qd6 25. Qe4 f5 26. Nb5 fxe4 27. Nxd6 exf3 28. Rg5 Be3 29. Kg3 f2 30. Nf5 0-1

[Event "CUB-ch Seniors 1st"]
[Site "Granma"]
[Date "2018.11.03"]
[Round "7"]
[White "Hedman Senarega, Jose Antonio"]
[Black "Rivero Cardozo, Alejandro"]
[Result "1-0"]
[WhiteElo "2185"]
[BlackElo "1905"]
[PlyCount "73"]
[EventDate "2018.10.30"]
[EventType "swiss"]
[EventRounds "9"]
[EventCountry "CUB"]
[SourceTitle "EXT 2021"]
[Source "ChessBase"]
[SourceDate "2020.10.23"]
[SourceVersion "1"]
[SourceVersionDate "2020.10.23"]
[SourceQuality "1"]

1. c4 Nf6 2. Nc3 g6 3. g3 Bg7 4. Bg2 c5 5. Nf3 Nc6 6. 0-0 0-0 7. d4 cxd4 8. Nxd4 Nxd4 9. Qxd4 d6 10. Qd3 Ng4 11. b3 Rb8 12. Bb2 Ne5 13. Qd2 Be6 14. Nd5 b5 15. f4 Bxd5 16. Bxd5 Qb6+ 17. e3 Ng4 18. Bxg7 Kxg7 19. Rae1 bxc4 20. Bxc4 e6 21. h3 Nh6 22. g4 d5 23. Bd3 Rbc8 24. Rc1 f6 25. b4 d4 26. g5 fxg5 27. fxg5 Nf7 28. Rxc8 Rxc8 29. Qf2 Nxg5 30. Qf6+ Kg8 31. Qxg5 dxe3 32. Kh1 Rf8 33. Rxf8+ Kxf8 34. Qc5+ Qxc5 35. bxc5 Ke7 36. Kg2 Kf6 37. Kf3 1-0

[Event "CUB Cup Ventana Sur"]
[Site "Bayamo"]
[Date "2018.08.21"]
[Round "4.2"]
[White "Rivero Cardozo, Alejandro"]
[Black "Blanco Rodriguez, Roxana Salvador"]
[Result "1/2-1/2"]
[WhiteElo "1925"]
[BlackElo "1706"]
[PlyCount "21"]
[EventDate "2018.08.20"]
[EventType "team-tourn"]
[EventRounds "10"]
[EventCountry "CUB"]
[SourceTitle "CBM 195 Extra"]
[Source "ChessBase"]
[SourceDate "2020.05.31"]
[SourceVersion "1"]
[SourceVersionDate "2020.05.31"]
[SourceQuality "1"]

1. e4 e5 2. Nf3 Nc6 3. Bb5 a6 4. Ba4 Nf6 5. 0-0 d6 6. Re1 Bd7 7. h3 Be7 8. c3 0-0 9. d4 exd4 10. cxd4 d5 11. e5 1/2-1/2

[Event "Bayamo Cespedes tt"]
[Site "Bayamo"]
[Date "2018.03.05"]
[Round "8.1"]
[White "Rivero Cardozo, Alejandro"]
[Black "Gonzalez Cruz, Hector Luis"]
[Result "1/2-1/2"]
[WhiteElo "1748"]
[BlackElo "1785"]
[PlyCount "105"]
[EventDate "2018.03.01"]
[EventType "team-tourn"]
[EventRounds "10"]
[EventCountry "CUB"]
[EventCategory "1"]
[SourceTitle "CBM 195 Extra"]
[Source "ChessBase"]
[SourceDate "2020.05.31"]
[SourceVersion "1"]
[SourceVersionDate "2020.05.31"]
[SourceQuality "1"]

1. e4 c5 2. b4 cxb4 3. Bb2 d5 4. exd5 Qxd5 5. d4 Nc6 6. c4 bxc3 7. Nxc3 Qxd4 8. Nd5 Qxd1+ 9. Rxd1 Bd7 10. Nc7+ Kd8 11. Nxa8 Kc8 12. Bb5 e5 13. a3 f6 14. Ne2 Bc5 15. 0-0 Nge7 16. Rc1 b6 17. Rfd1 Rd8 18. Nc3 Nd4 19. Bxd7+ Rxd7 20. Kf1 Kb7 21. Ne4 Rd5 22. Nxb6 axb6 23. Nc3 Rd8 24. Na4 Rc8 25. Nxc5+ bxc5 26. f4 Nd5 27. Kf2 Nxf4 28. g3 Nfe6 29. Rc4 Kc6 30. a4 Kd5 31. Rdc1 Rb8 32. Ba3 Rb3 33. R4c3 Rxc3 34. Rxc3 c4 35. Ke3 Nb3 36. Bb4 Nec5 37. a5 Na6 38. Bf8 g6 39. Bg7 f5 40. Bxe5 Kxe5 41. Rxc4 Nbc5 42. Rc1 g5 43. Rb1 Nc7 44. Rb8 f4+ 45. gxf4+ gxf4+ 46. Kf3 N7e6 47. Rh8 Kf5 48. h4 Nd4+ 49. Kg2 Kg4 50. Rxh7 f3+ 51. Kh2 Ne2 52. Rg7+ Kxh4 53. Rf7 1/2-1/2

[Event "Bayamo Cespedes tt"]
[Site "Bayamo"]
[Date "2018.03.02"]
[Round "3.1"]
[White "Gonzalez Cruz, Hector Luis"]
[Black "Rivero Cardozo, Alejandro"]
[Result "1-0"]
[WhiteElo "1785"]
[BlackElo "1748"]
[PlyCount "71"]
[EventDate "2018.03.01"]
[EventType "team-tourn"]
[EventRounds "10"]
[EventCountry "CUB"]
[EventCategory "1"]
[SourceTitle "CBM 195 Extra"]
[Source "ChessBase"]
[SourceDate "2020.05.31"]
[SourceVersion "1"]
[SourceVersionDate "2020.05.31"]
[SourceQuality "1"]

1. e4 c5 2. Nf3 e6 3. d4 cxd4 4. Nxd4 a6 5. c4 Qc7 6. Nc3 Nf6 7. Bd3 Bc5 8. Be3 h5 9. h3 d6 10. 0-0 Nc6 11. Nc2 Bxe3 12. Nxe3 Ne5 13. Be2 Bd7 14. f4 Ng6 15. Kh1 Bc6 16. Bd3 Rh6 17. Qe2 Qa5 18. a3 h4 19. b4 Qb6 20. Ned5 Bxd5 21. exd5 Nh5 22. Ne4 Ngxf4 23. Rxf4 Nxf4 24. Qg4 Qd4 25. Rd1 Qe5 26. c5 f5 27. Nxd6+ Kf8 28. Qf3 Rg6 29. dxe6 Rb8 30. e7+ Kg8 31. Bc4+ Kh7 32. Rf1 Nxg2 33. Qh5+ Rh6 34. Qxf5+ Qxf5 35. Rxf5 Ne3 36. Rf8 1-0

[Event "Bayamo Cespedes Memorial op"]
[Site "Bayamo"]
[Date "2017.03.06"]
[Round "7.17"]
[White "Rivero Cardozo, Alejandro"]
[Black "Gonzalez Rodriguez, Emanuel"]
[Result "1-0"]
[WhiteElo "1946"]
[BlackElo "1908"]
[PlyCount "91"]
[EventDate "2017.03.01"]
[EventType "swiss"]
[EventRounds "9"]
[EventCountry "CUB"]
[SourceTitle "EXT 2023"]
[Source "ChessBase"]
[SourceDate "2022.10.05"]
[SourceVersion "1"]
[SourceVersionDate "2022.10.05"]
[SourceQuality "1"]

1. e4 Nf6 2. e5 Nd5 3. Nc3 Nxc3 4. bxc3 d6 5. f4 dxe5 6. fxe5 Nc6 7. Nf3 Bg4 8. d4 a6 9. Bd3 Rb8 10. 0-0 e6 11. Qe1 Be7 12. Qg3 Bh5 13. Ng5 Bxg5 14. Bxg5 Qd7 15. Rf2 Bg6 16. Raf1 Rf8 17. Be3 Ne7 18. Bc1 Qa4 19. a3 c5 20. Bxg6 hxg6 21. d5 Nxd5 22. Qh3 Ne7 23. Qh7 Qg4 24. Qxg7 Nf5 25. Qf6 Rd8 26. Bg5 Rd7 27. Rd2 Rxd2 28. Bxd2 Kd7 29. Rf3 c4 30. Qg5 Qxg5 31. Bxg5 Rh8 32. g4 Nh6 33. Bxh6 Rxh6 34. Rxf7+ Kc6 35. Kg2 Kd5 36. Kg3 Kxe5 37. g5 Rh5 38. h4 b6 39. Rf6 Rh7 40. Rxg6 Kf5 41. Rf6+ Ke5 42. Rf1 b5 43. Kg4 Kd6 44. g6 Rg7 45. Kg5 Ke7 46. h5 1-0

[Event "Bayamo Cespedes Memorial op"]
[Site "Bayamo"]
[Date "2017.03.05"]
[Round "6.15"]
[White "Martinez Rosales, Sergio"]
[Black "Rivero Cardozo, Alejandro"]
[Result "1/2-1/2"]
[WhiteElo "1874"]
[BlackElo "1946"]
[PlyCount "141"]
[EventDate "2017.03.01"]
[EventType "swiss"]
[EventRounds "9"]
[EventCountry "CUB"]
[SourceTitle "EXT 2023"]
[Source "ChessBase"]
[SourceDate "2022.10.05"]
[SourceVersion "1"]
[SourceVersionDate "2022.10.05"]
[SourceQuality "1"]

1. e4 c5 2. Nf3 Nc6 3. Bc4 e6 4. Nc3 a6 5. a4 Qc7 6. 0-0 Nf6 7. Be2 Nd4 8. d3 Bd6 9. h3 b6 10. Be3 Nxe2+ 11. Qxe2 Bb7 12. Bg5 h6 13. Bd2 Bf4 14. Rae1 Bxd2 15. Nxd2 d6 16. f4 0-0 17. b3 Nd7 18. Nf3 Rae8 19. Qd2 d5 20. e5 f5 21. Ne2 d4 22. Ng3 Nb8 23. Qe2 Qf7 24. Qf2 Nc6 25. Kh2 Ne7 26. Nd2 Bd5 27. Nc4 Nc8 28. Rb1 a5 29. Ne2 Rd8 30. Rg1 Rd7 31. Qh4 Qe7 32. Qg3 Kh8 33. c3 dxc3 34. Nxc3 Bc6 35. Rbd1 Rg8 36. Rd2 g5 37. Nb5 Bxb5 38. axb5 g4 39. Rf1 Rd4 40. Ne3 h5 41. h4 Qd7 42. Nc2 Rd5 43. Rfd1 Qxb5 44. d4 Rgd8 45. Qe3 Ne7 46. dxc5 bxc5 47. Na3 Qb4 48. Nc2 Qe4 49. Rxd5 Rxd5 50. Rxd5 Nxd5 51. Qxe4 fxe4 52. g3 Kg7 53. Kg2 Kg6 54. Kf2 Kf5 55. Ne3+ Nxe3 56. Kxe3 c4 57. bxc4 a4 58. c5 a3 59. c6 a2 60. c7 a1Q 61. c8Q Qa3+ 62. Kd2 Qb4+ 63. Ke2 Qb5+ 64. Kd2 Qd3+ 65. Kc1 Qa3+ 66. Kd1 Qa1+ 67. Ke2 Qa2+ 68. Ke3 Qb3+ 69. Kd2 Qd5+ 70. Ke1 Qa5+ 71. Ke2 1/2-1/2

[Event "Bayamo Cespedes Memorial op"]
[Site "Bayamo"]
[Date "2017.03.01"]
[Round "1.5"]
[White "Rivero Cardozo, Alejandro"]
[Black "Cardenas Nunez, Yusley"]
[Result "1-0"]
[WhiteElo "1946"]
[BlackElo "2128"]
[PlyCount "63"]
[EventDate "2017.03.01"]
[EventType "swiss"]
[EventRounds "9"]
[EventCountry "CUB"]
[SourceTitle "EXT 2023"]
[Source "ChessBase"]
[SourceDate "2022.10.05"]
[SourceVersion "1"]
[SourceVersionDate "2022.10.05"]
[SourceQuality "1"]

1. f4 d5 2. Nf3 Nf6 3. e3 Bg4 4. b3 g6 5. Bb2 Bg7 6. h3 Bxf3 7. Qxf3 0-0 8. Be2 c5 9. d3 Nc6 10. 0-0 Qc7 11. Nd2 e5 12. f5 e4 13. Qf2 Rae8 14. Qh4 Qe7 15. dxe4 dxe4 16. a3 h6 17. Rad1 g5 18. Qg3 Nd7 19. Nc4 Bxb2 20. Nxb2 Qe5 21. Qxe5 Ndxe5 22. Rd5 b6 23. Nc4 Kg7 24. Rd6 f6 25. Rfd1 Rf7 26. Bh5 Ree7 27. Bxf7 Kxf7 28. Nd2 Na5 29. Nxe4 Nb7 30. Rxf6+ Kg7 31. Re6 Rxe6 32. fxe6 1-0